banner-ar

الصحافة و الجامعات : (Record no. 62361)

MARC details
000 -الفاتح
حقل البيانات ثابتة الطول 00857nam a22002177a 4500
005 - وقت وتاريخ اخر تعامل مع التسجيلة
رقم الضبط 20240530110546.0
008 - عناصر البيانات ثابتة الطول - معلومات عامة
حقل البيانات ثابتة الطول 160530s2014 ua a g 000 0 ara d
017 ## - رقم الايداع القانونى
رقم الايداع القانونى 2013/13204
المصدر ( الهيئة المختصة) مصر . دار الكتب المصرية
020 ## - الرقم الدولى المعيارى للكتب
الرقم الدولى المعيارى للكتاب 9789773191726
040 ## - مصدر الفهرسة
وكالة الفهرسة الأصلية EG-CaGPL
082 04 - رقم تصنيف ديوى العشرى
رقم الطبعة 21
رقم التصنيف 378.62
رقم المادة ع ص
100 0# - المدخل الرئيسى - إسم شخصى
الإسم الشخصى عاطف عبدالرحمن .
245 12 - بيان العنوان
العنوان الصحافة و الجامعات :
بقية العنوان رؤى مستقبلية : اصلاح اوضاع هيئات التدريس بالجامعات /
بيان المسئوليه,etc عاطف عبدالرحمن .
250 ## - بيان الطبعة
بيان الطبعة ط.1
260 ## - PUBLICATION, DISTRIBUTION, ETC. (IMPRINT)
تاريخ النشر أو التوزيع 2014 .
300 ## - الوصف المادى
التعداد 350 ص ؛
أبعاد الوعاء 24 سم .
650 04 - المدخل الاضافى بالموضوع-مصطلح موضوعى
مصطلح موضوعي التعليم الجامعى .
650 04 - المدخل الاضافى بالموضوع-مصطلح موضوعى
مصطلح موضوعي الجامعات و الكليات
التقسيم الفرعي الجغرافي مصر .
650 04 - المدخل الاضافى بالموضوع-مصطلح موضوعى
مصطلح موضوعي التعليم الجامعى
التقسيم الفرعي الجغرافي مصر .
942 ## - عناصر المدخل الإضافي( كوها)
مصدر التصنيف او مخطط الترفيف Dewey Decimal Classification
Koha [default] item type كتاب
260 ## - PUBLICATION, DISTRIBUTION, ETC. (IMPRINT)
-- القاهرة :
-- العربى للنشر و التوزيع ،
Holdings
حالة التراجع حالة الفقد حالة تلف ليس للاعارة المكان المؤقت الموقع الحالى تاريخ الاكتساب اجمالي اﻻعارات رقم الطلب الباركود تاريخ اخر مشاهدة تاريخ تفعيل السعر نوع وعاء كوها
        مكتبة القاهرة الكبرى مكتبة القاهرة الكبرى 05/30/2016   378.62 ع ص 162053 05/30/2016 05/30/2016 كتاب

Powered By

EGPV